Man and woman among the Azande /

Bibliographic Details
Main Author: Evans-Pritchard, E. E. (Edward Evan), 1902-1973
Format: Book
Language:English
Published: New York : Free Press, [1974]
Subjects:

MARC

Tag First Indicator Second Indicator Subfields
LEADER 00000cam a2200000 4500
001 in00000283313
005 20151010091212.0
008 740723s1974 nyua b 00110 eng
010 |a  73022630  
035 |a (OCoLC)01310530 
035 |9 ABG5327AM 
037 |c $9.95 
040 |a DLC  |c DLC  |d TXA  |d UtOrBLW 
043 |a f-sj--- 
049 |a TXAM  |c [1372104] 
050 0 0 |a DT132  |b .E79 1974b 
082 0 |a 301.41/09629/5 
100 1 |a Evans-Pritchard, E. E.  |q (Edward Evan),  |d 1902-1973. 
245 1 0 |a Man and woman among the Azande /  |c Edited by E. E. Evans-Pritchard. 
264 1 |a New York :  |b Free Press,  |c [1974] 
300 |a 197 pages :  |b illustrations ;  |c 22 cm. 
336 |a text  |b txt  |2 rdacontent 
337 |a unmediated  |b n  |2 rdamedia 
338 |a volume  |b nc  |2 rdacarrier 
504 |a Bibliography: pages 14-15. 
650 0 |a Zande (African people) 
650 0 |a Zande (African people)  |x Marriage customs and rites. 
650 0 |a Sex customs  |z Sudan. 
999 |a MARS 
999 f f |s 8a05d0f5-4769-3a3c-9ba5-c8a79452a1ed  |i c53c0d13-fd10-3e9f-960b-858b431e2603  |t 0 
952 f f |p normal  |a Texas A&M University  |b College Station  |c Sterling C. Evans Library  |d Evans: Library Stacks  |t 0  |e DT132 .E79 1974b  |h Library of Congress classification  |i unmediated -- volume  |m A14802089146 
998 f f |a DT132 .E79 1974b  |t 0  |l Evans: Library Stacks